Půlnoční kroniky. Řeka času /
Další pokračování romantické fantasy série plné upírů, příšer a lovců. Ona už ho nechce milovat. Ale on netouží po ničem jiném než ji získat zpátky.
Uloženo v:
| Série: | Půlnoční kroniky,
část 4 |
|---|---|
| Hlavní autor: | |
| Další autoři: | , |
| Médium: | E-kniha |
| Jazyk: | Czech |
| Vydáno: |
Praha :
Dobrovský s.r.o.,
2023
|
| Edice: | Red
|
| Témata: | |
| Příbuzné jednotky: | Z cyklu::
Půlnoční kroniky |
| Tagy: |
Žádné tagy |
| LEADER | 02863nam a2200481 i 4500 | ||
|---|---|---|---|
| 001 | 311934 | ||
| 003 | CZ PrSKC | ||
| 005 | 20260601215714.0 | ||
| 007 | ta | ||
| 008 | 230427s2023 xr g 000 f cze | ||
| 015 | |a cnb003518075 | ||
| 020 | |a 9788027713585 |q (vázáno) | ||
| 035 | |a (OCoLC)1396729966 | ||
| 040 | |a ABG001 |b cze |e rda | ||
| 041 | 1 | |a cze |h ger | |
| 072 | 7 | |a 821.112.2-3 |x Německá próza, německy psaná |2 Konspekt | |
| 080 | |a 821.112.2-31 |2 MRF | ||
| 080 | |a (0:82-312.9) |2 MRF | ||
| 100 | 1 | |a Kneidl, Laura, |d 1990- |7 xx0251449 |4 aut | |
| 240 | 1 | 0 | |a Seelenband. |l Česky |
| 245 | 1 | 0 | |a Půlnoční kroniky. |p Řeka času / |c Laura Kneidl, Bianca Iosivoni ; z německého originálu Midnight chronicles - Seelenband přeložila Hana Chyzy |
| 246 | 3 | 0 | |a Řeka času |
| 264 | 1 | |a Praha : |b Dobrovský s.r.o., |c 2023 | |
| 300 | |a 368 stran ; |c 21 cm | ||
| 336 | |a text |b txt |2 rdacontent | ||
| 337 | |a bez média |b n |2 rdamedia | ||
| 338 | |a svazek |b nc |2 rdacarrier | ||
| 490 | 1 | |a Red | |
| 520 | 2 | |a Další pokračování romantické fantasy série plné upírů, příšer a lovců. Ona už ho nechce milovat. Ale on netouží po ničem jiném než ji získat zpátky. |b V Den krveprolití přišla Ella o to nejcennější ve svém životě - a všechno zlé, co se tehdy stalo, si dává za vinu. Od té doby už není nic, jak kdysi bývalo. Jediné východisko z těžké situace vidí zdrcená Soul Huntress v útěku do Prahy, pryč od všeho a všech, daleko od vzpomínek, které ji trápí. Ale pak se před ní objeví ten, na něhož se ze všech sil snaží zapomenout: Wayne McKinley. Wayne, její kdysi nejsladší tajemství, se nyní zdá být pouhou bolestnou vzpomínkou a ona neví, jak se s jeho nečekanou přítomností vypořádat. Elle však nezbývá nic jiného než ho požádat o pomoc a spolupracovat s ním, aby napravila chybu, kterou, jak je přesvědčená, udělala v Den krveprolití. Nakladatelská anotace. Kráceno. | |
| 655 | 7 | |a německé romány |7 fd132945 |2 czenas | |
| 655 | 7 | |a fantasy romány |7 fd184199 |2 czenas | |
| 655 | 9 | |a German fiction |2 eczenas | |
| 655 | 9 | |a fantasy novels |2 eczenas | |
| 700 | 1 | |a Iosivoni, Bianca, |d 1986- |7 xx0252956 |4 aut | |
| 700 | 1 | |a Chyzy, Hana |7 jo20231184327 |4 trl | |
| 765 | 1 | |t Midnight chronicles | |
| 787 | 0 | 8 | |i Z cyklu: |t Půlnoční kroniky |g 4 |
| 830 | 0 | |a Red | |
| 900 | |a ABA001 |b 21 | ||
| 044 | |a xr | ||
| 910 | |a RBIT002 | ||
| 998 | |d 375927 |a https://core.palmknihy.cz/api/books/375927/cover?rufvfp |b https://core.palmknihy.cz/api/books/375927/cover/400?rufvfp |c https://core.palmknihy.cz/api/books/375927/cover/50?rufvfp |e 2028-04-01 |g 384 |i 9788027713585 |j https://core.palmknihy.cz/api/books/375927/preview.epub |k https://core.palmknihy.cz/api/books/375927/preview.pdf |l |q 49 |r 1 |s https://www.palmknihy.cz/kniha/375927 |t ebook |y 2023 |z 0 |v Půlnoční kroniky |w 4 | ||
| 999 | |d 311932 | ||